| 000 | 00341nam a22001337a 4500 | ||
|---|---|---|---|
| 005 | 20240930154810.0 | ||
| 008 | 240930b |||||||| |||| 00| 0 eng d | ||
| 041 | _aeng | ||
| 100 |
_aMANUPATRA _98590 |
||
| 245 | _aNEW CRIMINAL LAWS REFERENCER | ||
| 260 |
_aNEW DELHI _bMANUPATRA INFORMATION SOLUTIONS PVT.LTD |
||
| 300 | _aB-39;P | ||
| 942 | _cBK | ||
| 999 |
_c8721 _d8719 |
||